APEC Schools

Personality tests : assess your personality : emotions, skills, strengths and weaknesses / (Record no. 8799)

000 -LEADER
fixed length control field nam a22 7a 4500
005 - DATE AND TIME OF LATEST TRANSACTION
control field 20200306070555.0
008 - FIXED-LENGTH DATA ELEMENTS--GENERAL INFORMATION
fixed length control field 200306b xxu||||| |||| 00| 0 eng d
020 ## - IDENTIFIER FOR THE MANIFESTATION
Identifier for the Manifestation 9781780976822
Binding hard bound
040 ## - CATALOGING SOURCE
Language of Cataloging eng
Transcribing Agency APEC Schools Library
Description Conventions rda
082 ## - DEWEY DECIMAL CLASSIFICATION NUMBER
Classification number C 155.28
Author's Number Al425a 2015
100 ## - CREATOR
Preferred Name of the Person Allen, Robert
245 ## - TITLE AND STATEMENT OF RESPONSIBILITY
Preferred Title Proper Personality tests : assess your personality : emotions, skills, strengths and weaknesses /
Statement of Responsibility/Parallel Statement of Responsibility Robert Allen
264 ## - PUBLICATION STATEMENT
Place of publication, distribution, etc London, England :
Publisher's Name/Parallel Publisher's Name Carlton Books,
Copyright ©2015.
300 ## - PHYSICAL DESCRIPTION
Extent 400 pages ;
336 ## - RDA CONTENT
Source rdacontent
Content Type text
337 ## - RDA MEDIA
Source rdamedia
Media Type unmediated
338 ## - RDA CARRIER
Source rdacarrier
Carrier Type volume
650 ## - ADDED SUBJECT ACCESS POINT - TOPICAL TERM
Topical Term Personality assessment.
650 ## - ADDED SUBJECT ACCESS POINT - TOPICAL TERM
Topical Term Personality test.
942 ## - ADDED ENTRY ELEMENTS (KOHA)
Source of Classification
Koha Item Type Non Fiction
Holdings
Library Site Location Shelving Location Source of Acquisition Full Classification Number Accession Number Koha Item Type
APEC Bacoor Library APEC Bacoor Library Circulation Institutional Fund C 155.28 Al425a 2015 B04-0000657 Non Fiction
APEC C. Raymundo Library APEC C. Raymundo Library Circulation Institutional Fund C 155.28 Al425a 2015 A07-0000580 Non Fiction
APEC Calumpang Library APEC Calumpang Library Circulation Institutional Fund C 155.28 Al425a 2015 B10-0000585 Non Fiction
APEC Dasmarinas Library APEC Dasmarinas Library Circulation Institutional Fund C 155.28 Al425a 2015 B03-0000620 Non Fiction
APEC Grace Park West Library APEC Grace Park West Library Circulation Institutional Fund C 155.28 Al425a 2015 A09-0000464 Non Fiction
APEC JRU Lipa Library APEC JRU Lipa Library Circulation Institutional Fund C 155.28 Al425a 2015 B12-0000640 Non Fiction
APEC Las Piñas Library APEC Las Piñas Library Circulation Institutional Fund C 155.28 Al425a 2015 C01-0000477 Non Fiction
Chain Library Chain Library Circulation Institutional Fund C 155.28 Al425a 2015 AC-0000085 Non Fiction

Powered by Koha